Länder mit E - Deutsch -> Englisch - Statistiken

Allgemein
  • Dieses Quiz wurde 79 mal gespielt
  • Das Durchschnittsergebnis liegt bei 5 aus 5
Antwortstatistiken
Hint Antwort % Korrekt
Ecuador Ecuador
99%
Eritrea Eritrea
99%
Eswatini Eswatini
99%
El Salvador El Salvador
97%
Estland Estonia
85%
Keine übereinstimmenden Quizze gefunden
Verteilung der Resultate
Anzahl Personen mit jedem Resultat
Perzentil nach korrekt beantworteten Fragen
Ihre Resultats-Entwicklung
Sie haben dieses Quiz noch nicht gespielt